[Théâtre complet : Mercadet ; La Marâtre ; Paméla Giraud ; Les Ressources de Quinola ; Vautrin / (Record no. 182013)
[ view plain ]
| 000 -LEADER | |
|---|---|
| campo de control de longitud fija | 00756nam a2200193 i 4500 |
| 001 - NÚMERO DE CONTROL | |
| campo de control | 182013 |
| 003 - IDENTIFICADOR DE NÚMERO DE CONTROL | |
| campo de control | ES-MaACL |
| 005 - FECHA Y HORA DE LA ÚLTIMA TRANSACCIÓN | |
| campo de control | 20230906221518.0 |
| 008 - DATOS DE LONGITUD FIJA--INFORMACIÓN GENERAL | |
| campo de control de longitud fija | 130523q18501899fr |||| | fre d |
| 100 1# - ENTRADA PRINCIPAL--NOMBRE DE PERSONA | |
| Nombre de persona | Balzac, Honoré de, |
| Fechas asociadas al nombre | 1799-1850 |
| 9 (RLIN) | 25139 |
| 245 10 - MENCIÓN DEL TÍTULO | |
| Título | [Théâtre complet : Mercadet ; La Marâtre ; Paméla Giraud ; Les Ressources de Quinola ; Vautrin / |
| Mención de responsabilidad, etc. | Honoré de Balzac]. |
| 260 ## - PUBLICACIÓN, DISTRIBUCIÓN, ETC. | |
| Lugar de publicación, distribución, etc. | [S.l. : |
| Nombre del editor, distribuidor, etc. | s.n., |
| Fecha de publicación, distribución, etc. | 18-?] ( |
| Fabricante | Didot) |
| 300 ## - DESCRIPCIÓN FÍSICA | |
| Extensión | 112 p. : |
| Otras características físicas | il. ; |
| Dimensiones | 30 cm. |
| 490 1# - MENCIÓN DE SERIE | |
| Mención de serie | Théatre complet de Balzac |
| 594 ## - Nota al título y mención de responsabilidad | |
| Nota al título y mención de responsabilidad | Autor, títulos tomado de la primera página del interior del texto. |
| 830 0# - PUNTO DE ACCESO ADICIONAL DE SERIE-TÍTULO UNIFORME | |
| Título uniforme | Théatre complet de Balzac |
| 9 (RLIN) | 224787 |
| 852 ## - LOCALIZACIÓN | |
| Ubicación | ES-MaACL |
| Número de control de estantería | R-1710(17) |
| condición física | .- Ejempl. sin portada en un vol. facticio |
| Estatus retirado | Estado de pérdida | Estado de daño | No para préstamo | Biblioteca de origen | Biblioteca actual | Ubicación en estantería | Fecha de adquisición | Fuente de adquisición | Total de préstamos | Signatura topográfica completa | Código de barras | Visto por última vez | Precio de reemplazo | Tipo de ítem Koha |
|---|---|---|---|---|---|---|---|---|---|---|---|---|---|---|
| Biblioteca del Ateneo de Madrid | Biblioteca del Ateneo de Madrid | Depósito | 23/05/2013 | R-1710(17) | 1191275 | 23/02/2023 | 23/02/2023 | Libro impreso antiguo |
